000 00957nam a2200229Ii 4500
003 JO-AjNU
008 230605s9999||||xx |||||||||||||| ||und||
017 _a2009/2/395
020 _a978-9957-70-172-7
040 _aJO-AjNU
_bara
_erda
_cJO-AjNU
041 _aara
050 1 4 _aLB1028.43.I87 2009
100 3 _aنصير،مريم مؤلف/الصمادي،عزت م.مشارك/حلالشة،قاسم م.مشارك/العمري،فاروق م.مشارك/السريحين،نواف م.مشارك/مصطفى،سليمان مشرف,
_eauthor
_931152
245 0 0 _aإستخدام وتطبيق مهارات الحاسوب الحديثة
250 _aط1
264 3 1 _aإربد:عالم الكتب الحديث،2009
300 _a190ص
336 _atext
_btxt
_2rdacontent
337 _aunmediated
_bn
_2rdamedia
338 _avolume
_bnc
_2rdacarrier
650 4 _aالحاسوب-الحاسبات الإلكترونية-دراسة وتعليم
_931153
999 _aA12429
_c15997
_d15997